Vydavateľstvo Tatran

Bibliographic Details
Main Author: Mládek, Matúš (Author)
Format: Article
Language:Slovak
PhysicalDescription:Fotogr.
ISSN:1210-1982
Subjects:

MARC

LEADER 00000nab a2200000 ar4500
001 vtls009347813
003 SK-MaSNL
005 20260426094502.0
008 081015c2008 xo |r|p|||||||000 b|slo
015 |a SNBRB2008/10  |2 snkbucl 
038 |a SNKBUCL 
040 |a SNKBUCL  |b slo  |c SNKBUCL  |e AACR2 
041 0 |a slo 
044 |a xo  |c SK 
080 |a 655.413  |x (437.6)  |2 2001 
245 0 0 |a Vydavateľstvo Tatran  |c Matúš Mládek 
300 |b Fotogr. 
610 2 7 |a Vydavateľstvo Tatran  |2 snkbucl  |9 57532 
650 0 7 |a nakladateľstvá a vydavateľstvá  |2 SNKPH  |9 2789 
651 7 |a Bratislava (Slovensko)  |2 SNKPHgeo  |9 14568 
655 7 |a rozhovory  |2 snkbucl  |9 31831 
700 1 |a Mládek, Matúš  |4 ive  |4 aut  |9 716013 
773 0 |t Knižná revue  |g Roč. XVIII, č. 19 (2008), s. 10  |x 1210-1982 
852 |a SNK  |b KIS3GCP 
958 |a SK 
958 |a KL 
999 |c 3137954  |d 3139884